000
00295nam a22001337a 4500
003
SGT
082
_a
615.53
_b
K15S
100
_a
SHARMA , HEMARAJA
245
_a
THE KASYAPA SAMHITA
260
_a
VARANASI
_b
CHAUKHAMBHA PUB
_c
2015
300
_a
578
650
_a
KASYAPA SAMHITA
942
_2
ddc
_c
BK
_0
2
999
_c
8462
_d
8462